Tratado de política económica

Guardat en:
Dades bibliogràfiques
Autor principal: Martner Urrutia, Daniel (autor)
Format: Llibre
Idioma:espanyol
Publicat: Santiago Universidad de Chile 1941
Col·lecció:Curso de Ciencias Económicas, 2
Matèries:
Etiquetes: Afegir etiqueta
Sense etiquetes, Sigues el primer a etiquetar aquest registre!

MARC

LEADER 00000nam a2200000 a 4500
001 UCQ2139
003 CL-VaPUC
008 980721e19410000CL |||||||||||||||||spa|d
082 0 4 |a 338.9  |b MAR  |2 21 
100 |a Martner Urrutia, Daniel  |e autor  |9 368858 
245 1 0 |a Tratado de política económica 
300 |a 399 p 
942 |c BK 
945 |d 19980721 00:00:00  |a crobeson 
260 |a Santiago  |b Universidad de Chile  |c 1941 
650 0 |a Política económica   |9 255029 
650 0 |a Población  |9 257577 
650 7 |a POLITICA DEMOGRAFICA  |2 CL-VaPUC  |9 338263 
650 7 |a ECONOMIA DEL TRABAJO  |2 CL-VaPUC  |9 320317 
650 0 |a Economía financiera  |9 359635 
650 0 |a Microeconomía  |9 258126 
650 7 |a POLITICA FORESTAL  |2 CL-VaPUC  |9 388693 
650 7 |a POLITICA PESQUERA  |2 CL-VaPUC  |9 327146 
650 7 |a POLITICA MINERA  |2 CL-VaPUC  |9 255815 
650 0 |a Política industrial  |9 334157 
650 0 |a Política de precios  |9 259481 
650 0 |a Política monetaria  |9 258279 
650 7 |a COMERCIO INTERNACIONAL  |2 CL-VaPUC  |9 416068 
650 7 |a POLITICA DE TRANSPORTES  |2 CL-VaPUC  |9 358677 
650 7 |a POLITICA DE INGRESOS  |2 CL-VaPUC  |9 337372 
583 |a last modification  |c 19980721 00:00:00  |k Rodrigo Vera 
490 0 |a Curso de Ciencias Económicas, 2 
999 |c 272980  |d 272978 
952 |0 0  |1 0  |4 0  |6 338_900000000000000_MAR_1941  |7 0  |8 A  |9 308217  |a BIBENE  |b BIBENE  |d 2019-11-20  |i 1439464  |o 338.9 MAR 1941  |p 1439464  |r 2025-01-15  |w 2019-11-20  |y BK  |k ICO